Keltische Nationen - Sudden Death - Statistiken

Allgemein
  • Dieses Quiz wurde 95 mal gespielt
  • Das Durchschnittsergebnis liegt bei 3 aus 6
Answers on the Grid
Answers color-coded by a green-red scale on the quiz's grid according to % correct below.
Bretagne
Cornwall
England
Irland
Isle of Man
Isle of Wight
Jersey
Kent
Normandie
Schottland
Shetland
Wales
 
Antwortstatistiken
Antwort % Korrekt
Irland
66%
Isle of Man
61%
Bretagne
57%
Schottland
54%
Cornwall
46%
Wales
44%
Keine übereinstimmenden Quizze gefunden
Verteilung der Resultate
Anzahl Personen mit jedem Resultat
Perzentil nach korrekt beantworteten Fragen
Ihre Resultats-Entwicklung
Sie haben dieses Quiz noch nicht gespielt